<?xml version="1.0" encoding="UTF-8"?>
<collection xmlns="http://www.loc.gov/MARC21/slim">
 <record>
  <leader>06420cam a2201081   4500</leader>
  <controlfield tag="001">265658233</controlfield>
  <controlfield tag="003">DE-627</controlfield>
  <controlfield tag="005">20241215050225.0</controlfield>
  <controlfield tag="007">tu</controlfield>
  <controlfield tag="008">990309s2000    gw |||||      00| ||ger c</controlfield>
  <datafield tag="015" ind1=" " ind2=" ">
   <subfield code="a">00,N20,0545</subfield>
   <subfield code="2">dnb</subfield>
  </datafield>
  <datafield tag="015" ind1=" " ind2=" ">
   <subfield code="a">00,A47,1481</subfield>
   <subfield code="2">dnb</subfield>
  </datafield>
  <datafield tag="016" ind1="7" ind2=" ">
   <subfield code="a">958326436</subfield>
   <subfield code="2">DE-101</subfield>
  </datafield>
  <datafield tag="020" ind1=" " ind2=" ">
   <subfield code="a">3050033487</subfield>
   <subfield code="9">3-05-003348-7</subfield>
  </datafield>
  <datafield tag="024" ind1="3" ind2=" ">
   <subfield code="a">9783050033488</subfield>
  </datafield>
  <datafield tag="035" ind1=" " ind2=" ">
   <subfield code="a">(DE-627)265658233</subfield>
  </datafield>
  <datafield tag="035" ind1=" " ind2=" ">
   <subfield code="a">(DE-576)078888476</subfield>
  </datafield>
  <datafield tag="035" ind1=" " ind2=" ">
   <subfield code="a">(DE-599)GBV265658233</subfield>
  </datafield>
  <datafield tag="035" ind1=" " ind2=" ">
   <subfield code="a">(OCoLC)231864803</subfield>
  </datafield>
  <datafield tag="035" ind1=" " ind2=" ">
   <subfield code="a">(OCoLC)45500305</subfield>
  </datafield>
  <datafield tag="035" ind1=" " ind2=" ">
   <subfield code="a">(OCoLC)231864803</subfield>
  </datafield>
  <datafield tag="035" ind1=" " ind2=" ">
   <subfield code="a">(DE-604)813142405x</subfield>
  </datafield>
  <datafield tag="035" ind1=" " ind2=" ">
   <subfield code="a">(DE-H357)his21765</subfield>
  </datafield>
  <datafield tag="035" ind1=" " ind2=" ">
   <subfield code="a">(JUB)b10321524</subfield>
  </datafield>
  <datafield tag="040" ind1=" " ind2=" ">
   <subfield code="a">DE-627</subfield>
   <subfield code="b">ger</subfield>
   <subfield code="c">DE-627</subfield>
   <subfield code="e">rakwb</subfield>
  </datafield>
  <datafield tag="041" ind1=" " ind2=" ">
   <subfield code="a">ger</subfield>
  </datafield>
  <datafield tag="044" ind1=" " ind2=" ">
   <subfield code="c">XA-DE-BE</subfield>
  </datafield>
  <datafield tag="050" ind1=" " ind2="0">
   <subfield code="a">NX550.6.A1</subfield>
  </datafield>
  <datafield tag="084" ind1=" " ind2=" ">
   <subfield code="a">46</subfield>
   <subfield code="2">sdnb</subfield>
  </datafield>
  <datafield tag="084" ind1=" " ind2=" ">
   <subfield code="a">RA05.03</subfield>
   <subfield code="2">fivr</subfield>
  </datafield>
  <datafield tag="084" ind1=" " ind2=" ">
   <subfield code="a">SG08</subfield>
   <subfield code="2">fivs</subfield>
  </datafield>
  <datafield tag="084" ind1=" " ind2=" ">
   <subfield code="a">SF01</subfield>
   <subfield code="2">fivs</subfield>
  </datafield>
  <datafield tag="084" ind1=" " ind2=" ">
   <subfield code="a">9,11</subfield>
   <subfield code="2">ssgn</subfield>
  </datafield>
  <datafield tag="084" ind1=" " ind2=" ">
   <subfield code="a">LH 60230</subfield>
   <subfield code="q">BVB</subfield>
   <subfield code="2">rvk</subfield>
   <subfield code="0">(DE-625)rvk/94183:</subfield>
  </datafield>
  <datafield tag="084" ind1=" " ind2=" ">
   <subfield code="a">LK 10357</subfield>
   <subfield code="q">BVB</subfield>
   <subfield code="2">rvk</subfield>
   <subfield code="0">(DE-625)rvk/97500:13111</subfield>
  </datafield>
  <datafield tag="084" ind1=" " ind2=" ">
   <subfield code="a">NQ 7010</subfield>
   <subfield code="2">rvk</subfield>
   <subfield code="0">(DE-625)rvk/128857:</subfield>
  </datafield>
  <datafield tag="084" ind1=" " ind2=" ">
   <subfield code="a">LH 60200</subfield>
   <subfield code="q">BSZ</subfield>
   <subfield code="2">rvk</subfield>
   <subfield code="0">(DE-625)rvk/94179:</subfield>
  </datafield>
  <datafield tag="084" ind1=" " ind2=" ">
   <subfield code="a">LK 10080</subfield>
   <subfield code="q">BSZ</subfield>
   <subfield code="2">rvk</subfield>
   <subfield code="0">(DE-625)rvk/97479:</subfield>
  </datafield>
  <datafield tag="084" ind1=" " ind2=" ">
   <subfield code="a">20.89</subfield>
   <subfield code="2">bkl</subfield>
  </datafield>
  <datafield tag="084" ind1=" " ind2=" ">
   <subfield code="a">02.15</subfield>
   <subfield code="2">bkl</subfield>
  </datafield>
  <datafield tag="084" ind1=" " ind2=" ">
   <subfield code="a">20.10</subfield>
   <subfield code="2">bkl</subfield>
  </datafield>
  <datafield tag="084" ind1=" " ind2=" ">
   <subfield code="a">15.38</subfield>
   <subfield code="2">bkl</subfield>
  </datafield>
  <datafield tag="245" ind1="1" ind2="0">
   <subfield code="a">Eingegrenzt - ausgegrenzt</subfield>
   <subfield code="b">bildende Kunst und Parteiherrschaft in der DDR 1961 - 1989</subfield>
   <subfield code="c">hrsg. von Hannelore Offner und Klaus Schroeder</subfield>
  </datafield>
  <datafield tag="264" ind1=" " ind2="1">
   <subfield code="a">Berlin</subfield>
   <subfield code="b">Akademie Verlag</subfield>
   <subfield code="c">2000</subfield>
  </datafield>
  <datafield tag="300" ind1=" " ind2=" ">
   <subfield code="a">721 S.</subfield>
   <subfield code="b">Ill.</subfield>
   <subfield code="c">24,5 cm</subfield>
  </datafield>
  <datafield tag="336" ind1=" " ind2=" ">
   <subfield code="a">Text</subfield>
   <subfield code="b">txt</subfield>
   <subfield code="2">rdacontent</subfield>
  </datafield>
  <datafield tag="337" ind1=" " ind2=" ">
   <subfield code="a">ohne Hilfsmittel zu benutzen</subfield>
   <subfield code="b">n</subfield>
   <subfield code="2">rdamedia</subfield>
  </datafield>
  <datafield tag="338" ind1=" " ind2=" ">
   <subfield code="a">Band</subfield>
   <subfield code="b">nc</subfield>
   <subfield code="2">rdacarrier</subfield>
  </datafield>
  <datafield tag="490" ind1="0" ind2=" ">
   <subfield code="a">Studien des Forschungsverbundes SED-Staat an der Freien Universität Berlin</subfield>
  </datafield>
  <datafield tag="500" ind1=" " ind2=" ">
   <subfield code="a">Literaturverz. S. [707] - 712</subfield>
  </datafield>
  <datafield tag="546" ind1=" " ind2=" ">
   <subfield code="a">Deutsch</subfield>
  </datafield>
  <datafield tag="648" ind1=" " ind2="4">
   <subfield code="a">Geschichte 1961-1989</subfield>
  </datafield>
  <datafield tag="650" ind1=" " ind2="0">
   <subfield code="a">Art and state</subfield>
   <subfield code="z">Germany (East)</subfield>
  </datafield>
  <datafield tag="650" ind1=" " ind2="0">
   <subfield code="a">Arts, German</subfield>
   <subfield code="z">Germany (East)</subfield>
  </datafield>
  <datafield tag="650" ind1=" " ind2="0">
   <subfield code="a">Artists</subfield>
   <subfield code="z">Germany (East)</subfield>
   <subfield code="v">Directories</subfield>
  </datafield>
  <datafield tag="650" ind1=" " ind2="4">
   <subfield code="a">Deutsche Demokratische Republik</subfield>
   <subfield code="x">Politisches System/Verfassung</subfield>
   <subfield code="x">Kultur/Sprache/Kunst</subfield>
  </datafield>
  <datafield tag="689" ind1="0" ind2="0">
   <subfield code="d">g</subfield>
   <subfield code="0">(DE-588)4011890-3</subfield>
   <subfield code="0">(DE-627)104732415</subfield>
   <subfield code="0">(DE-576)20889621X</subfield>
   <subfield code="a">Deutschland</subfield>
   <subfield code="g">DDR</subfield>
   <subfield code="2">gnd</subfield>
  </datafield>
  <datafield tag="689" ind1="0" ind2="1">
   <subfield code="d">s</subfield>
   <subfield code="0">(DE-588)4114333-4</subfield>
   <subfield code="0">(DE-627)105822957</subfield>
   <subfield code="0">(DE-576)209483733</subfield>
   <subfield code="a">Kunst</subfield>
   <subfield code="2">gnd</subfield>
  </datafield>
  <datafield tag="689" ind1="0" ind2="2">
   <subfield code="d">b</subfield>
   <subfield code="0">(DE-588)2022204-X</subfield>
   <subfield code="0">(DE-627)102090157</subfield>
   <subfield code="0">(DE-576)191751480</subfield>
   <subfield code="a">Sozialistische Einheitspartei Deutschlands</subfield>
   <subfield code="2">gnd</subfield>
  </datafield>
  <datafield tag="689" ind1="0" ind2="3">
   <subfield code="d">s</subfield>
   <subfield code="0">(DE-588)4131701-4</subfield>
   <subfield code="0">(DE-627)105693227</subfield>
   <subfield code="0">(DE-576)209629436</subfield>
   <subfield code="a">Einflussnahme</subfield>
   <subfield code="2">gnd</subfield>
  </datafield>
  <datafield tag="689" ind1="0" ind2="4">
   <subfield code="a">z</subfield>
   <subfield code="2">gnd</subfield>
   <subfield code="a">Geschichte 1961-1989</subfield>
  </datafield>
  <datafield tag="689" ind1="0" ind2=" ">
   <subfield code="5">DE-101</subfield>
  </datafield>
  <datafield tag="689" ind1="0" ind2=" ">
   <subfield code="5">(DE-627)</subfield>
  </datafield>
  <datafield tag="700" ind1="1" ind2=" ">
   <subfield code="a">Offner, Hannelore</subfield>
   <subfield code="d">1955-</subfield>
   <subfield code="e">Hrsg.</subfield>
   <subfield code="0">(DE-588)188415963</subfield>
   <subfield code="0">(DE-627)699343259</subfield>
   <subfield code="0">(DE-576)135286735</subfield>
   <subfield code="4">edt</subfield>
  </datafield>
  <datafield tag="700" ind1="1" ind2=" ">
   <subfield code="a">Schroeder, Klaus</subfield>
   <subfield code="d">1949-</subfield>
   <subfield code="e">Hrsg.</subfield>
   <subfield code="0">(DE-588)120253453</subfield>
   <subfield code="0">(DE-627)080553842</subfield>
   <subfield code="0">(DE-576)175114145</subfield>
   <subfield code="4">edt</subfield>
  </datafield>
  <datafield tag="710" ind1="2" ind2=" ">
   <subfield code="a">Forschungsverbund SED-Staat</subfield>
   <subfield code="e">Hrsg. Org.</subfield>
   <subfield code="0">(DE-588)2125246-4</subfield>
   <subfield code="0">(DE-627)12109846X</subfield>
   <subfield code="0">(DE-576)194248151</subfield>
   <subfield code="4">edt</subfield>
  </datafield>
  <datafield tag="787" ind1="0" ind2="8">
   <subfield code="i">Rezension</subfield>
   <subfield code="a">Schirmer, Gisela, 1939 - </subfield>
   <subfield code="t">[Rezension von: Hannelore Offner, Klaus Schroeder (Hrsg.), Eingegrenzt-ausgegrenzt]</subfield>
   <subfield code="d">2001</subfield>
   <subfield code="w">(DE-627)1777367530</subfield>
  </datafield>
  <datafield tag="856" ind1="4" ind2="2">
   <subfield code="u">http://www.gbv.de/dms/hebis-darmstadt/toc/91187818.pdf</subfield>
   <subfield code="m">V:DE-603</subfield>
   <subfield code="m">B:DE-17</subfield>
   <subfield code="q">pdf/application</subfield>
   <subfield code="x">Verlag</subfield>
   <subfield code="y">Inhaltsverzeichnis</subfield>
   <subfield code="3">Inhaltsverzeichnis</subfield>
  </datafield>
  <datafield tag="856" ind1="4" ind2="2">
   <subfield code="u">http://www.h-net.org/review/hrev-a0c1r4-aa</subfield>
   <subfield code="v">2016-07-07</subfield>
   <subfield code="x">Verlag</subfield>
   <subfield code="y">Book review (H-Net)</subfield>
  </datafield>
  <datafield tag="856" ind1="4" ind2="2">
   <subfield code="u">http://www.h-net.org/reviews/showrev.php?id=16310</subfield>
   <subfield code="v">2016-07-07</subfield>
   <subfield code="x">Verlag</subfield>
   <subfield code="y">Book review (H-Net)</subfield>
  </datafield>
  <datafield tag="856" ind1="4" ind2="2">
   <subfield code="u">https://www.hsozkult.de/publicationreview/id/rezbuecher-585</subfield>
   <subfield code="m">V:DE-576;X:HSozKult</subfield>
   <subfield code="q">text/html</subfield>
   <subfield code="v">20180413143728</subfield>
   <subfield code="3">Rezension</subfield>
  </datafield>
  <datafield tag="856" ind1="4" ind2="2">
   <subfield code="u">http://hsozkult.geschichte.hu-berlin.de/rezensionen/type=rezbuecher&amp;id=585</subfield>
   <subfield code="x">Verlag</subfield>
   <subfield code="y">Buchrezension (H-Soz-u-Kult)</subfield>
  </datafield>
  <datafield tag="935" ind1=" " ind2=" ">
   <subfield code="i">Blocktest</subfield>
  </datafield>
  <datafield tag="936" ind1="r" ind2="v">
   <subfield code="a">LH 60230</subfield>
   <subfield code="b">19. und 20. Jahrhundert</subfield>
   <subfield code="k">Kunstgeschichte</subfield>
   <subfield code="k">Allgemeines. Allgemeine Kunstgeschichte</subfield>
   <subfield code="k">Bildende Kunst in Staat und Gesellschaft</subfield>
   <subfield code="k">Kunstsoziologie (sämtlicher oder mehrerer Kunstgattungen) Soziologie des Künstlers</subfield>
   <subfield code="k">Neuzeit</subfield>
   <subfield code="k">19. und 20. Jahrhundert</subfield>
   <subfield code="0">(DE-627)1270642022</subfield>
   <subfield code="0">(DE-625)rvk/94183:</subfield>
   <subfield code="0">(DE-576)200642022</subfield>
  </datafield>
  <datafield tag="936" ind1="r" ind2="v">
   <subfield code="a">LK 10357</subfield>
   <subfield code="b">Kunst nach 1945 (verschiedene Richtungen)</subfield>
   <subfield code="k">Kunstgeschichte</subfield>
   <subfield code="k">Kunst nach Ländern bzw. Kontinenten</subfield>
   <subfield code="k">Deutschland</subfield>
   <subfield code="k">Deutsche Kunstgeschichte einzelner Epochen</subfield>
   <subfield code="k">Deutsche Kunstgeschichte der Neuzeit</subfield>
   <subfield code="k">19., 20.  und 21. Jahrhundert</subfield>
   <subfield code="k">20. Jahrhundert</subfield>
   <subfield code="k">Kunst nach 1945 (verschiedene Richtungen)</subfield>
   <subfield code="0">(DE-627)1270636146</subfield>
   <subfield code="0">(DE-625)rvk/97500:13111</subfield>
   <subfield code="0">(DE-576)200636146</subfield>
  </datafield>
  <datafield tag="936" ind1="r" ind2="v">
   <subfield code="a">NQ 7010</subfield>
   <subfield code="b">Innere Geschichte</subfield>
   <subfield code="k">Geschichte</subfield>
   <subfield code="k">Geschichte seit 1918</subfield>
   <subfield code="k">Deutsche Geschichte seit 1945</subfield>
   <subfield code="k">Deutsche Demokratische Republik (DDR) (1949 - 1990)</subfield>
   <subfield code="k">Innere Geschichte</subfield>
   <subfield code="0">(DE-627)1270811088</subfield>
   <subfield code="0">(DE-625)rvk/128857:</subfield>
   <subfield code="0">(DE-576)200811088</subfield>
  </datafield>
  <datafield tag="936" ind1="r" ind2="v">
   <subfield code="a">LH 60200</subfield>
   <subfield code="b">Kunstsoziologie (sämtlicher oder mehrerer Kunstgattungen)/ Soziologie des Künstlers. Allgemeines</subfield>
   <subfield code="k">Kunstgeschichte</subfield>
   <subfield code="k">Allgemeines. Allgemeine Kunstgeschichte</subfield>
   <subfield code="k">Bildende Kunst in Staat und Gesellschaft</subfield>
   <subfield code="k">Kunstsoziologie (sämtlicher oder mehrerer Kunstgattungen) Soziologie des Künstlers</subfield>
   <subfield code="k">Kunstsoziologie (sämtlicher oder mehrerer Kunstgattungen)/ Soziologie des Künstlers. Allgemeines</subfield>
   <subfield code="0">(DE-627)1270643150</subfield>
   <subfield code="0">(DE-625)rvk/94179:</subfield>
   <subfield code="0">(DE-576)200643150</subfield>
  </datafield>
  <datafield tag="936" ind1="r" ind2="v">
   <subfield code="a">LK 10080</subfield>
   <subfield code="b">Soziologie der deutschen Kunst</subfield>
   <subfield code="k">Kunstgeschichte</subfield>
   <subfield code="k">Kunst nach Ländern bzw. Kontinenten</subfield>
   <subfield code="k">Deutschland</subfield>
   <subfield code="k">Kunstgeschichte Deutschlands</subfield>
   <subfield code="k">Soziologie der deutschen Kunst</subfield>
   <subfield code="0">(DE-627)127116700X</subfield>
   <subfield code="0">(DE-625)rvk/97479:</subfield>
   <subfield code="0">(DE-576)20116700X</subfield>
  </datafield>
  <datafield tag="936" ind1="b" ind2="k">
   <subfield code="a">20.89</subfield>
   <subfield code="j">Kunstgeschichte: Sonstiges</subfield>
   <subfield code="0">(DE-627)106406639</subfield>
  </datafield>
  <datafield tag="936" ind1="b" ind2="k">
   <subfield code="a">02.15</subfield>
   <subfield code="j">Wissenschaftspolitik</subfield>
   <subfield code="j">Kulturpolitik</subfield>
   <subfield code="0">(DE-627)106412582</subfield>
  </datafield>
  <datafield tag="936" ind1="b" ind2="k">
   <subfield code="a">20.10</subfield>
   <subfield code="j">Kunst und Gesellschaft</subfield>
   <subfield code="0">(DE-627)106406256</subfield>
  </datafield>
  <datafield tag="936" ind1="b" ind2="k">
   <subfield code="a">15.38</subfield>
   <subfield code="j">Europäische Geschichte nach 1945</subfield>
   <subfield code="q">coli-conc RVK-&gt;BK</subfield>
   <subfield code="q">https://coli-conc.gbv.de/api/mappings/ca5e71c2-ea45-4983-9498-0aae53095f57</subfield>
   <subfield code="0">(DE-627)181569671</subfield>
  </datafield>
  <datafield tag="936" ind1="f" ind2="i">
   <subfield code="0">(DE-627)1756131694</subfield>
   <subfield code="a">RA05.03</subfield>
   <subfield code="b">Deutsche Demokratische Republik</subfield>
   <subfield code="k">Europa</subfield>
   <subfield code="k">Mitteleuropa</subfield>
   <subfield code="k">Deutsche Demokratische Republik</subfield>
   <subfield code="2">fivr</subfield>
  </datafield>
  <datafield tag="936" ind1="f" ind2="i">
   <subfield code="0">(DE-627)1756136084</subfield>
   <subfield code="a">SG08</subfield>
   <subfield code="b">Kultur/Sprache/Kunst</subfield>
   <subfield code="k">Gesellschaft</subfield>
   <subfield code="k">Kultur/Sprache/Kunst</subfield>
   <subfield code="2">fivs</subfield>
  </datafield>
  <datafield tag="936" ind1="f" ind2="i">
   <subfield code="0">(DE-627)1756135738</subfield>
   <subfield code="a">SF01</subfield>
   <subfield code="b">Politisches System/Verfassung</subfield>
   <subfield code="k">Staat</subfield>
   <subfield code="k">Politisches System/Verfassung</subfield>
   <subfield code="2">fivs</subfield>
  </datafield>
  <datafield tag="951" ind1=" " ind2=" ">
   <subfield code="a">BO</subfield>
  </datafield>
  <datafield tag="990" ind1=" " ind2=" ">
   <subfield code="a">Deutschland</subfield>
  </datafield>
  <datafield tag="990" ind1=" " ind2=" ">
   <subfield code="a">Kunst</subfield>
  </datafield>
  <datafield tag="990" ind1=" " ind2=" ">
   <subfield code="a">Sozialistische Einheitspartei Deutschlands</subfield>
  </datafield>
  <datafield tag="990" ind1=" " ind2=" ">
   <subfield code="a">Einflussnahme</subfield>
  </datafield>
  <datafield tag="990" ind1=" " ind2=" ">
   <subfield code="a">Geschichte 1961-1989</subfield>
  </datafield>
  <datafield tag="991" ind1=" " ind2=" ">
   <subfield code="a">Rezensiertes Werk</subfield>
  </datafield>
  <datafield tag="999" ind1=" " ind2=" ">
   <subfield code="a">KXP-PPN265658233</subfield>
   <subfield code="e">4042281338</subfield>
  </datafield>
 </record>
</collection>
